Holiday Quiz

Random Holiday or Easter Quiz

Peeps by Holiday Quiz Stats

 Plays Quiz not verified by Sporcle

Challenge
Share
Tweet
Score 0/9 Timer 03:00
0 Plays Today
% Correct
Christmas
98.5%
Saint Patrick's Day
91.8%
Thanksgiving
89.4%
Wedding
88.7%
Halloween
86.6%
Easter
86.5%
Fourth of July
86%
Valentine's Day
85%
Martin Luther King Day
71.9%

You're not logged in!

Compare scores with friends on all Sporcle quizzes.
Join for Free
OR
Log In

You Might Also Like...

Show Comments

Extras

Top Quizzes Today


Score Distribution

Your Account Isn't Verified!

In order to create a playlist on Sporcle, you need to verify the email address you used during registration. Go to your Sporcle Settings to finish the process.

Report this User

Report this user for behavior that violates our Community Guidelines.

Details: